00887aam a2200289 i 4500001001000000003001000010005001700020007000300037008004100040020001800081040001400099041000800113082002000121100003200141245005700173264008700230300001800317336002700335337003300362338002800395563001400423650001200437942000700449945001200456952011200468999001700580768714001CO-MdFUSB20250830111722.0ta250830txxx ec |||| |||| 00| 0 spa d a9978-957-01-4 cCO-MdFUSB0 aspa04223a249 bR918i1 aRueda, Marco Vinicioeautor10aIntimidad con el buen pastor c/ Marco Vinicio Rueda 0bLibrería espiritual,aQuito, Ecuador : c[fecha de producción no identificada] a134 páginas atextobtxt2rdacontent 2rdamediaasin mediaciónbn 2rdacarrieravolumenbnc aRústico14aORACION cBK aJTF-925 001040708GENaFUSBCbFUSBCd2004-12-21l0oG 249 R918i p4757r2019-12-12 00:00:00t1w2016-01-26yBKB0 c36308d36308